Spintronic Materials and Technology

Бібліографічні деталі
Автор: Xu Y. B.
Інші автори: Thompson S. M.
Мова:Англійська
Опубліковано: New York, Taylor & Francis, 2007
Серія:Series in Materials Science and Engineering
Предмети:
Формат: MixedMaterials Книга
KOHA link:https://koha.lib.tpu.ru/cgi-bin/koha/opac-detail.pl?biblionumber=154415

MARC

LEADER 00000nam0a2200000 4500
001 154415
005 20231101221750.0
010 |a 0849392993 
035 |a (RuTPU)RU\TPU\book\167496 
090 |a 154415 
100 |a 20090226d2007 k y0engy50 ba 
101 0 |a eng 
102 |a US 
105 |a a z 001zy 
200 1 |a Spintronic Materials and Technology  |f Y. B. Xu, S. M. Thompson 
210 |a New York  |c Taylor & Francis  |d 2007 
215 |a 423 p.  |c il. 
225 1 |a Series in Materials Science and Engineering 
320 |a References at the end of chapters. 
320 |a Index: p. 415-423. 
606 1 |a Микроэлектроника  |x Физические основы  |2 stltpush  |3 (RuTPU)RU\TPU\subj\43816  |9 63258 
610 1 |a электроника 
610 1 |a наноэлектроника 
610 1 |a спинтроник материалы 
610 1 |a технологии 
610 1 |a английский язык 
675 |a 621.382.049.77:53  |v 3 
700 1 |a Xu  |b Y. B. 
701 1 |a Thompson  |b S. M. 
801 1 |a RU  |b 63413507  |c 20090226  |g PSBO 
801 2 |a RU  |b 63413507  |c 20090310  |g PSBO 
942 |c BK